| 000 | 00739nam a2200241Ia 4500 | ||
|---|---|---|---|
| 003 | OSt | ||
| 005 | 20220923221734.0 | ||
| 006 | a|||||r|||| 00| 0 | ||
| 007 | ta | ||
| 008 | 220922b |||||||| |||| 00| 0 hin d | ||
| 024 | _a199,679 | ||
| 037 | _cTextual | ||
| 040 |
_aARTS _cARTS _bhin |
||
| 041 |
_2hin _ahin |
||
| 082 | _aQ2:42, 152J7 | ||
| 100 | _aपाण्डेय, राजबली | ||
| 245 | 0 | _aहिन्दू संस्कार | |
| 246 | _aHindū sanskāra | ||
| 260 | _c1982 | ||
| 490 | _aविधाभवन राष्ट््रभाषा ग्रंथमाला; 12 | ||
| 942 |
_hQ2:42, 152J7 _cTEXL _2CC |
||
| 999 |
_c351418 _d351418 |
||